| 000 | 00402nam a22001577a 4500 | ||
|---|---|---|---|
| 003 | SGT | ||
| 020 | _a9786204202365 | ||
| 082 |
_a617.632 _bC21C |
||
| 100 | _aChugh, Alisha...[et. al.] | ||
| 245 | _aClassification of Periodontal Diseases | ||
| 260 |
_bLambert Academic Publishing _c2021 |
||
| 300 | _a219 | ||
| 650 | _aPeriodontics | ||
| 653 | _aPeriodontics; Periodontal Diseases | ||
| 942 |
_2ddc _cBK |
||
| 999 |
_c23835 _d23835 |
||